000 00633nam a2200193Ia 4500
008 240729s9999 xx 000 0 und d
022 _a1687-1499
245 0 _aEURASIP Journal on Wireless Communications and Networking
260 _aUnited Kingdom
260 _bSpringerOpen
650 _a Electrical engineering. Electronics. Nuclear engineering
650 _a Electrical engineering. Electronics. Nuclear engineering
650 _a Electronics
650 _a Telecommunication | Technology
650 _aTechnology
856 _uhttps://doaj.org/toc/1c1fda4391234426971c485a37736252
942 _2ddc
942 _cDOAJEJ
999 _c74490
_d74490
945 _a1
_bMadushi Gamage
_c1
_dMadushi Gamage